[Event "GER M-470 D email"]
[Site "GER email"]
[Date "2012.??.??"]
[Round "?"]
[White "Siedler, Kurt"]
[Black "Brenk, Bjoern"]
[Result "1-0"]
[WhiteElo "2163"]
[BlackElo "1882"]
[PlyCount "71"]
[EventDate "2012.??.??"]
[EventType "tourn (corr)"]
[EventRounds "1"]
[EventCountry "GER"]
[SourceTitle "Corr 2015"]
[Source "ChessBase"]
[SourceDate "2015.07.17"]
[SourceVersion "1"]
[SourceVersionDate "2015.07.17"]
[SourceQuality "1"]

1. e4 e5 2. Nf3 Nc6 3. Bb5 a6 4. Ba4 Nf6 5. 0-0 Be7 6. Re1 b5 7. Bb3 d6 8. c3 0-0 9. h3 Na5 10. Bc2 c5 11. d4 cxd4 12. cxd4 Bb7 13. Nbd2 exd4 14. Nxd4 Qb6 15. Nf5 Rfe8 16. b3 d5 17. e5 Bc5 18. exf6 Bxf2+ 19. Kh2 Qxf6 20. Rf1 Qxa1 21. Rxf2 Bc8 22. Nf3 Bxf5 23. Bxf5 g6 24. Bd7 Red8 25. Qxd5 Qxc1 26. Ne5 Rxd7 27. Qxd7 f5 28. Rd2 Rf8 29. Qe6+ Kg7 30. Rd7+ Kh6 31. Qe7 Qf4+ 32. Kg1 Qe3+ 33. Kf1 Qc1+ 34. Kf2 Qb2+ 35. Kg3 f4+ 36. Kh2 1-0

[Event "GER M-453 D email"]
[Site "GER email"]
[Date "2010.??.??"]
[Round "?"]
[White "Brenk, Bjoern"]
[Black "Schwertel, Gottfried"]
[Result "1/2-1/2"]
[WhiteElo "1863"]
[BlackElo "2076"]
[PlyCount "109"]
[EventDate "2010.??.??"]
[EventType "tourn (corr)"]
[EventRounds "1"]
[EventCountry "GER"]
[SourceTitle "Corr 2015"]
[Source "ChessBase"]
[SourceDate "2015.07.17"]
[SourceVersion "1"]
[SourceVersionDate "2015.07.17"]
[SourceQuality "1"]

1. e4 e6 2. d4 d5 3. exd5 exd5 4. Nf3 Nf6 5. Bd3 Be7 6. 0-0 0-0 7. Bf4 Bg4 8. h3 Bh5 9. Nc3 Nc6 10. Be2 Re8 11. Nb5 Bd6 12. Nxd6 cxd6 13. c3 Qb6 14. Rb1 Bg6 15. Bd3 Bxd3 16. Qxd3 Ne4 17. Rfe1 Re6 18. Nd2 Rae8 19. Nxe4 dxe4 20. Qc4 Na5 21. Qd5 Nc6 22. Qh5 g6 23. Qe2 d5 24. Qc2 Qd8 25. Qb3 Qd7 26. Rbd1 Ne7 27. Qc2 Rc8 28. Qe2 Nf5 29. Bg5 f6 30. Be3 Kg7 31. a3 a5 32. Qg4 a4 33. Bf4 Rb6 34. Qe2 g5 35. Bh2 Rcc6 36. Rd2 Re6 37. Qd1 Rb3 38. Rc2 Kg6 39. Qe2 Re7 40. Rf1 Rb6 41. Qd1 Qb5 42. Re2 h5 43. Rfe1 Rbe6 44. Qc2 Qa6 45. Kh1 h4 46. Kg1 Re8 47. Rd2 Qc4 48. Qd1 e3 49. Rde2 exf2+ 50. Kxf2 Re4 51. Rxe4 dxe4 52. Qe2 Qd5 53. Kg1 b5 54. Qc2 Qc6 55. Qe2 1/2-1/2

[Event "GER KF-34 Class1 B3 email"]
[Site "GER email"]
[Date "2007.??.??"]
[Round "?"]
[White "Brenk, Bjoern"]
[Black "Mueller, Michael"]
[Result "1/2-1/2"]
[WhiteElo "1912"]
[BlackElo "1941"]
[PlyCount "108"]
[EventDate "2007.??.??"]
[EventType "tourn (corr)"]
[EventRounds "6"]
[EventCountry "GER"]
[SourceTitle "Corr 2008"]
[Source "ChessBase"]
[SourceDate "2008.06.24"]
[SourceVersion "1"]
[SourceVersionDate "2008.06.24"]
[SourceQuality "1"]

1. e4 c5 2. Nf3 Nc6 3. d4 cxd4 4. Nxd4 d6 5. Bb5 Bd7 6. 0-0 g6 7. Nc3 Bg7 8. Be3 Nf6 9. f3 0-0 10. Nxc6 bxc6 11. Bc4 Qc7 12. Qd2 Rfd8 13. Rad1 d5 14. exd5 cxd5 15. Bb3 Bc6 16. Rfe1 e5 17. Bg5 Rab8 18. Qf2 h6 19. Bh4 a6 20. Bg3 Re8 21. Kh1 Rbd8 22. Qc5 Qc8 23. Kg1 d4 24. Na4 Nh5 25. Bf2 Qa8 26. Nb6 Qb7 27. Nc4 Bf8 28. Qb6 Qxb6 29. Nxb6 Nf4 30. Nc4 Bg7 31. Bg3 g5 32. Bxf4 gxf4 33. Na5 Ba8 34. a3 Kf8 35. Bc4 Rd6 36. Bd3 Bf6 37. Nc4 Rde6 38. Bf5 Rc6 39. b3 Rc5 40. Nb6 Bc6 41. c4 dxc3 42. b4 Rb5 43. Nd7+ Ke7 44. Nxf6 Kxf6 45. Bh3 Rd5 46. Rxd5 Bxd5 47. Rc1 a5 48. Rxc3 axb4 49. axb4 Rb8 50. Rc5 Bb3 51. b5 Be6 52. Bxe6 Kxe6 53. Rc6+ Kd5 54. Rxh6 Rxb5 1/2-1/2